00000000nam 2200000zi 4500
0019.946686
003CaOODSP
00520250121091805
006m     o  d f      
007cr bn|||||||||
008250109s1970    oncb    obfu f000 0 fre d
040 |aCaOODSP|bfre|erda|cCaOODSP
043 |an-cn---
0861 |aNR24-28/1970-1F-PDF
1001 |aBoyd, Donald W., |eauteur.
24510|aRenseignements climatologiques pour le calcul des bâtiments au Canada, 1970 : |bsupplément no 1 au Code national du bâtiment (Canada) / |cpar Donald W. Boyd ; publié par le Comité associé sur le Code national du bâtiment.
24610|aSupplément no 1 au Code national du bâtiment (Canada)
250 |a[Quatrième édition 1970].
264 1|aOttawa : |bConseil national de recherches du Canada, |c1970.
300 |a1 ressource en ligne (48 pages) : |bcartes
336 |atexte|btxt|2rdacontent/fre
337 |ainformatique|bc|2rdamedia/fre
338 |aressource en ligne|bcr|2rdacarrier/fre
500 |aTitre de la couverture.
500 |aPublié aussi en anglais sous le titre : Climatic information for building design in Canada 1970 : supplement no. 1 to the National Building Code of Canada.
504 |aComprend des références bibliographiques (pages 12-13).
520 |a« La grande diversité du climat au Canada a un effet important sur le comportement des bâtiments et en conséquence, le calcul des bâtiments devrait pourvoir à cette diversité. Les fins du présent manuel s'établissent comme suis: premièrement, au moyen de cartes, indiquer la variabilité et la distribution générale de l'intensité des tremblements de terre, du pergélisol et de ces éléments climatologiques qui sont le plus souvent pris en compte dans le calcul des bâtiments; deuxièmement, expliquer brièvement comment les valeurs-types des éléments climatologiques sont calculées; et troisièmement, présenter des données-types recommandées pour un nombre de cités et de villes et les endroits peuplés moindres » -- Page [3].
650 6|aConstruction|xDroit|zCanada|vCodes.
650 6|aConstructions|xNormes|zCanada.
650 6|aArchitecture et climat|zCanada|vGuides, manuels, etc.
655 7|aGuides et manuels|2rvmgf
7102 |aConseil national de recherches Canada. |bComité associé sur le Code national du bâtiment, |eorganisme de publication.
77508|tClimatic information for building design in Canada 1970 : |w(CaOODSP)9.946647
794 |tRenseignements climatiques pour le calcul des bâtiments au Canada, 1975 : |w(CaOODSP)9.946714
795 |tRenseignements climatologiques pour le calcul des bâtiments au Canada, 1965 : |w(CaOODSP)9.946588
85640|qPDF|s2.02 Mo|uhttps://publications.gc.ca/collections/collection_2025/cnrc-nrc/NR24-28-1970-1-fra.pdf
986 |a11153F